Normal view
MARC view
Entry Personal Name
001 - CONTROL NUMBER
- control field: 71930
003 - CONTROL NUMBER IDENTIFIER
- control field: dpl
005 - DATE AND TIME OF LATEST TRANSACTION
- control field: 20240924171230.0
008 - FIXED-LENGTH DATA ELEMENTS
- fixed length control field: 240924|| aca||aabn | a|a d
040 ## - CATALOGING SOURCE
- Original cataloging agency: dpl
- Transcribing agency: dpl
100 ## - HEADING--PERSONAL NAME
- Personal name: दिवाकरुनी, चित्रा बैनर्जी
670 ## - SOURCE DATA FOUND
- Source citation: Work cat.: (dpl)205364: दिवाकरुनी, चित्रा बैनर्जी , आखिरी महारानी/, 2022
